000 00368nam a2200169Ia 4500
003 0STCL
008 150530s9999 xx 000 0 und d
040 _aSTCL
_cSTCL
100 _aHoward Fast
245 _aCitizen Tom Pain
260 _bSouthern Book
_c1960
300 _a0
546 _aMalayalam
942 _2ddc
_cBK
999 _c76017
_d76017
005 20220125171620.0